000 00591nam a2200181Ia 4500
008 100921s9999 xx 000 0 und d
082 _b35107
_a891.463 न 02
100 _aकेकतपुरे माला.
245 _aसांजवात.
260 _bसुशील प्रकाशन, पुणे.
_c2002
300 _a156
_bकलाभारती वितरण,पुणे
365 _b150
520 _aललित-कथा.
630 _aसांजवात.
650 _aललित-कथा.
730 _aसांजवात.
942 _cBOOK
999 _c784220
_d784217